00656nam a2200205Ia 4500001002100000003000900021008004100030040002300071041001300094100001200107245003200119250001100151260002800162300001900190490003500209500001200244501012400256520003200380700003800412891.6-RAC po (16506)IT-MiSPE171229s9999||||xx |||||||||||||| ||und|| aIT-MiSPEcIT-MiSPE aITALIANO aAA.VV.  0aRacconti popolari irlandesi a2a ed. aBolognabCappellic1971 a179 p. c19 cm aUniversale: Lettere e artiv52 aIrlanda aEdizioni San Paolo srl - Piazza Soncino, 5 - 20092 CINISELLO BALSAMO (MI) (non commercial uses only) ® Copyright 2018 aMargherita Guidacci (intr.) aMargherita Guidaccig(traduzione)